| 000 | 01470nam a22003497a 4500 | ||
|---|---|---|---|
| 001 | BRCA_9260 | ||
| 003 | FranzMayer | ||
| 005 | 20230717132134.0 | ||
| 008 | 230714b |||||||| |||| 00| 0 eng d | ||
| 020 | _a9786075028989 | ||
| 040 |
_aMFM _besp _cMFM |
||
| 041 | _aesp | ||
| 050 | 0 |
_aN7343.5 _bH57 2021 |
|
| 100 | 1 |
_aGuoqiang, Shan _928776 |
|
| 110 | 1 |
_4Editorial _aUniversidad de Veracruz _928777 |
|
| 240 | 1 |
_aHistoria del arte chino _hTomo 4: De la dinastía Ming a la dinastía Qing _lesp |
|
| 245 | 0 |
_aHistoria del arte chino _bTomo 4: De la dinastía Ming a la dinastía Qing |
|
| 260 |
_aVeracruz, México _bUniversidad Veracruzana _c2021 |
||
| 300 |
_a593 p _bIlustraciones a color _c23 cm |
||
| 440 |
_aHistoria del arte chino _nTomo 4 _pDe la dinastía Ming a la dinastía Qing _vVolumen 4 _928778 |
||
| 500 | _aL60/N5 | ||
| 505 | 2 | _aTraducción de: Zhongguo MeishuAdaptación de: Zhongguo MeishuDestinado a: Historiadores. artistas, investigadores, sociólogos, antropólogos Incluye índice (temático) | |
| 600 | 1 |
_2Coordinador _aGuoqiang, Shan _928779 |
|
| 650 | 1 |
_2Arte _aHistoria del arte _vChina _928780 |
|
| 651 | 2 |
_2Asia Oriental _aChina _vArte _928781 |
|
| 700 | 1 |
_4Coord. Trad. _aSánchez Domínguez, Karla _928782 |
|
| 700 | 1 |
_4Dis. _aPozos Villanueva, Aida _928783 |
|
| 700 | 1 |
_4Ed. _aGarcía Valencia, Édgar _928784 |
|
| 700 | 1 |
_4Trad. _aSánchez Domínguez, Karla _928782 |
|
| 700 | 1 |
_4Trad. _aSoberón, Socorro _928785 |
|
| 942 |
_2lcc _cB |
||
| 999 |
_c10879 _d10879 |
||